000 00558nam a2200193Ia 4500
005 20250508154736.0
008 008 250505s9999 xx 000 0 eng d
037 _aBooks to be hide in OPAC
040 _aFEDL
_beng
_cFEDL
041 _aeng
_2eng
084 _a001.4, SAM
_qFEDL
100 _aSamant Dattatraya Govind
_9765981
245 0 _aMaking of educational research
260 _aBombay, India
_bPopular Prakashan
_c1966
300 _a92p.
650 _aEducational research
942 _cHB
_h001.4, SAM
999 _c1351917
_d1351917